| 000 | nam a22 7a 4500 | ||
|---|---|---|---|
| 999 |
_c330723 _d330723 |
||
| 003 | NUST | ||
| 005 | 20180119162247.0 | ||
| 008 | 170802b xxu||||| |||| 00| 0 eng d | ||
| 040 | _cNUST | ||
| 082 | _a363.3480954 | ||
| 100 | _4Hyungguen Park | ||
| 245 |
_aBeyond Preparedness _bdevelopment impact of community based disaster risk management in Pakistan _cHyungguen Park |
||
| 260 |
_aIslamabad _bUNDP _c2017 |
||
| 300 | _a107p | ||
| 942 |
_2ddc _cBK |
||